000 00682nac a22001931u 4500
020 _a140510743X
082 _a330.015195
_bMCA
090 _c5283
_d5283
100 _a20080729
245 _aContributions to financial econometrics :
_b theoretical and practical issues /
_c edited by Michael McAleer and Les Oxley
260 _aOxford :
_b Blackwell, 2002.
_c2002
300 _a256 p. :
_b ill. ;
_c 25 cm.
500 _adistributer: Al-Ahram
504 _aIncludes bibliographical references and index
511 _acatalogued by: wessam
700 _aOxley, Les.
700 _aMcAleer, Michael.
942 _cBB
_k330.015195MCA
999 _c5283
_d5283